000 00249nmm a2200097Ia 4500
008 220120s9999||||xx |||||||||||||||||und||
020 _a81-7808-836-3
100 _aJNCASR
245 0 _aNanoworld multimedia modules in science
260 _aJNCASR
_bDelhi
999 _c139666
_d139666